Представление документа в формате RUSMARC

ПолеНазваниеЗначение
  Тип записи a
  Библиографический уровень m
001 Контрольный номер RU/SLIB/B/208761700
005 Дата корректировки 20201206204220.4
010 Индекс ISBN __
a ISBN 5-699-05682-3
d Цена 169-50; 168-00
021 № государственной регистрации __
b № документа 2004-56530
b № документа 2783
100 Данные общей обработки __
a Данные общей обработки 19041025d2004 |||y0rusy0189 ca
101 Язык документа 1_
a Язык текста rus
c Язык оригинала eng
102 Страна публикации __
a Страна публикации RU
105 Кодированные данные (монография) __
a Кодированные данные (монография) a |||||||zy
200 Заглавие и сведения об ответственности 1_
a Заглавие Афганистан
e Сведения, относящиеся к заглавию история войн от Александра Македонского до падения "Талибана"
f Первые сведения об ответственности Стивен Таннер ; [пер. с англ. С. М. Саксина]
b Общее обозначение материала Текст
210 Выходные данные __
a Место издания М.
c Издательство ЭКСМО
d Дата издания 2004
215 Физическое описание __
a Объем 443, [1] с., [4] л. ил.
c Иллюстрации/тип воспроизводства карт.
330 Аннотация __
a Аннотация Военная история Афганистана.
600 Персоналии __
a Персоналии (Фамилия) Александр Македонский
600 Персоналии __
a Персоналии (Фамилия) Тамерлан
601 Наименование организации как предмет __
a Наименование организации как предмет Талибан, движение
606 Тематические рубрики __
a Основная рубрика История
z Хронологическая подрубрика 4 в. до н. э.; 2 в. до н. э.; 3 в. до н. э.; 12 в.; 13 в.; 16 в.; 11 в.; 14 в.; 15 в.; 17 в.; 18 в.; 19 в.; 20 в.
y Географическая подрубрика Афганистан; Дурранийская держава
606 Тематические рубрики __
a Основная рубрика История Азии в целом
610 Ключевые слова __
a Ключевые слова военная история; войны; Афганская война; моджахеды; англо-афганские войны; гражданские войны; интервенция; партизанские войны; персы; монголы; завоевательные походы
686 Индексы других классификаций __
a Классификационный индекс 63.3(5Афг)
700 Автор _1
a Фамилия Таннер
b Имя С.
g Полное личное имя Стивен
4 Код отношения 070
702 Вторичная интеллектуальная ответственность _1
a Фамилия Саксин
b Имя С. М.
4 Код отношения Переводчик
4 Код отношения 730
801 Источник записи _0
a Страна RU
b Организация Муниципальное бюджетное учреждение культуры "Централизованная библиотечная система" г. Сургут (Центральная городская библиотека им. А. С. Пушкина)
c Дата составления 20041025
g Правила каталогизации КиК/Котельникова; КиК/Елгина
801 Источник записи _1
a Страна RU
b Организация Муниципальное бюджетное учреждение культуры "Централизованная библиотечная система" г. Сургут (Центральная городская библиотека им. А. С. Пушкина)
c Дата составления 20041025
g Правила каталогизации КиК/Котельникова; КиК/Елгина
852 Данные о местонахождении __
j Шифр хранения 63.3(5Афг)
c Каталожный индекс 63.3(5Афг)
i Авторский знак Т 18
p Инвентарный номер 06030736; 06030737; 05041106
901 Тип документа __
t Тип документа m
903 Характеристики (МАРС) __
a Дата передачи 20060228; 20050418
990 Данные о заказе (DOS) __
t N записи в КСУ для И/У (DOS) 200603; 200504
j Количество экземпляров (DOS) 2; 1